000 00590nam a22001697a 4500
020 _qHard Cover.
082 _a004
100 _aBaig, Maryam and Rohma, Shakeel
245 _aBridging the Language Gap-Kitab Ghar /
_cMaryam Baig, and Rhma, Shakeel
260 _aIslamabad :
_bSEECS - NUST,
_c2018.
300 _a41 p. ; ill. ;
_c30cm,
_eCD.
650 _aSoftware Engineering-Project Report.
_930818
700 _aMr. Maajid Maqbool.
_931004
856 _uhttp://10.250.8.41:8080/xmlui/handle/123456789/29519
942 _2ddc
_cPR
999 _c536081
_d536081